|
|
|
|
| LEADER |
00812nam a2200265 a 4500 |
| 001 |
000755259 |
| 003 |
CZ BrMZK |
| 005 |
20050120153028.0 |
| 007 |
ta |
| 008 |
041214s2004 xr er 000 p cze d |
| 020 |
|
|
|a 80-86584-06-2
|q (váz.)
|
| 040 |
|
|
|a BOA001
|b cze
|
| 072 |
|
7 |
|a 821.162.3-1
|x Česká poezie
|2 Konspekt
|9 25
|
| 080 |
|
|
|a 821.162.3-1
|2 MRF
|
| 080 |
|
|
|a (0:82-1)
|2 MRF
|
| 100 |
1 |
|
|a Pajůrek, Drahoslav,
|d 1933-
|7 mzk2004236905
|4 aut
|
| 245 |
1 |
0 |
|a Prchnout není kam /
|c Drahoslav Pajůrek
|
| 250 |
|
|
|a Vyd. 1.
|
| 260 |
|
|
|a Přerov :
|b Šárka,
|c 2004
|
| 300 |
|
|
|a 60 s. ;
|c 15 cm
|
| 655 |
|
7 |
|a česká poezie
|7 fd133958
|2 czenas
|
| 910 |
|
|
|a BOA001
|b S-1144.426
|
| 990 |
|
|
|a BK
|
| 991 |
|
|
|b 200501
|
| 996 |
6 |
|
|b 2610236636
|c S-1144.426
|l MZK
|r Sklad / do 24 hodin
|n 0
|p p.v.
|w 000755259
|u 000010
|a 1
|e BOA001
|j MZK50
|s P
|